000 00401nam a2200169Ia 4500
001 27867
003 IN-NITTTR
005 20251114233346.0
008 251113s9999||||xx |||||||||||||| ||eng||
040 _beng
040 _cIN-NITTTR
041 _aeng
082 _a891.433081 B1B
100 _aBhardwaj, Mahesh
245 0 _aBharat ki shrestha lok kathayein /
_cBhardwaj, Mahesh
942 _2ddc
_cBK
999 _c30495
_d30495